Statistics for Lana del rey - 24

Click here to take the quiz!

General Stats

  • This quiz has been taken 23 times
  • The average score is 168 of 208

Answer Stats

Answer% Correct
a
100%
and
100%
And
100%
in
100%
love
100%
Love
100%
you
100%
You
100%
24
93%
da-
93%
da
93%
day
93%
di-
93%
hours
93%
me
93%
my
93%
only
93%
the
93%
There's
93%
as
86%
for
86%
For
86%
half
86%
If
86%
like
86%
not
86%
to
86%
To
86%
Be
79%
careful
79%
dogs
79%
down
79%
enough
79%
get
79%
La-
79%
lay
79%
lie
79%
many
79%
murder
79%
of
79%
Or
79%
or
79%
those
79%
thoughts
79%
With
79%
with
79%
you'll
79%
awake
71%
carnage
71%
company
71%
fleas
71%
keep
71%
little
71%
that
71%
that's
71%
then
71%
ways
71%
lying
64%
pay
64%
Between
57%
cold
57%
sheets
57%
them
57%
they
57%
touch
57%
diamonds
50%
Give
50%
hard
50%
reach
50%
say
50%
so
50%
they're
50%
your
50%
You're
50%
all
43%
choose
43%
count
43%
crooked
43%
dying
43%
heat
43%
hit
43%
leave
43%
most
43%
ones
43%
street
43%
things
43%
three
43%
While
43%
you'd
43%
paid
36%
words
21%

Score Distribution

Percentile by Number Answered

Percent of People with Each Score

Your Score History

You have not taken this quiz